The Washington manual of patient safety and quality improvement / (Record no. 58601)

MARC details
000 -LEADER
fixed length control field 00748nam a22002057a 4500
008 - FIXED-LENGTH DATA ELEMENTS--GENERAL INFORMATION
fixed length control field 230413b ||||| |||| 00| 0 eng d
020 ## - INTERNATIONAL STANDARD BOOK NUMBER
International Standard Book Number 9781451193558
050 ## - LIBRARY OF CONGRESS CALL NUMBER
Classification number R729.8
Item number .W34 2016
245 ## - TITLE STATEMENT
Title The Washington manual of patient safety and quality improvement /
Statement of responsibility, etc edited by Emily Fondahn, Michael Lane, Andrea Vannucci.
246 ## - VARYING FORM OF TITLE
Title proper/short title Manual of patient safety and quality improvement
260 ## - PUBLICATION, DISTRIBUTION, ETC. (IMPRINT)
Place of publication, distribution, etc Philadelphia :
Name of publisher, distributor, etc Wolters Kluwer;
Date of publication, distribution, etc c2016.
300 ## - PHYSICAL DESCRIPTION
Extent xxiii, 366. :
Other physical details ill;
Dimensions 21 cm
505 ## - FORMATTED CONTENTS NOTE
Formatted contents note Includes bibliographical references and index.
650 ## - SUBJECT ADDED ENTRY--TOPICAL TERM
Source of heading or term Patient Safety
650 ## - SUBJECT ADDED ENTRY--TOPICAL TERM
Source of heading or term Quality Improvement
700 ## - ADDED ENTRY--PERSONAL NAME
Personal name Fondahn, Emily,
700 ## - ADDED ENTRY--PERSONAL NAME
Personal name Lane, Michael
Fuller form of name (Michael Andrew)
700 ## - ADDED ENTRY--PERSONAL NAME
Personal name Vannucci, Andrea,
942 ## - ADDED ENTRY ELEMENTS (KOHA)
Source of classification or shelving scheme Library of Congress Classification
Item type Book
Holdings
Withdrawn status Lost status Source of classification or shelving scheme Damaged status Not for loan Collection code Home library Current library Shelving location Date acquired Source of acquisition Cost, normal purchase price Full call number Barcode Date last seen Copy number Price effective from Koha item type
    Library of Congress Classification     Non-fiction Bishop Okullu Memorial Library (Limuru Campus) Bishop Okullu Memorial Library (Limuru Campus) General Circulation 13/04/2023 Donation 3500.00 R729.8 .W34 2016 070187 13/04/2023 1 13/04/2023 Book